000 07909 a2200541 4500
005 20080826142414.0
008 080826t xxu||||| |||| 00| 0 hin d
010 _aHIN-83131 B-302455-478
020 _c195.00
_a9788126714193
035 _aHN-55477
037 _bपु.प्र.अ.प्र/प्रका
082 _a894.08
100 _aदिदेरो , देनी
245 _aदालम्बेर का सपना /
_cदेनी दिदेरो; सत्यम द्वारा अनुदित
246 _aDalamber ka sapana
_bby Denis Didero; Tran by Satyam
260 _aनई दिल्ली
_bराजकमल प्रकाशन
_c2007
270 _a1-बी, नेताजी सुभाष मार्ग
_bनई दिल्ली
_e110002
300 _a136पृ
_c22 सेमी सजिल्द)
490 _aधरोहर:विश्व क्लासिक ऋंखला/ कात्यायनी एवं सत्यम द्वारा संपादित
700 _aसत्यम
942 _adpl
_cHN
_2ddc
_h894.08
_mदिदेरो
999 _c11735
_d11735